Mission to Kala (Record no. 4710)

MARC details
000 -LEADER
fixed length control field 00450nam a22001577a 4500
008 - FIXED-LENGTH DATA ELEMENTS--GENERAL INFORMATION
fixed length control field 260424b |||||||| |||| 00| 0 eng d
020 ## - INTERNATIONAL STANDARD BOOK NUMBER
ISBN 0435900137
100 ## - MAIN ENTRY--AUTHOR
Author Beti, Mongo
245 ## - TITLE STATEMENT
Title Mission to Kala
260 ## - PUBLICATION, DISTRIBUTION, ETC. (IMPRINT)
Place of publication London
Name of publisher Heinemann Educational Books
Date of publication 1964.
300 ## - COLLATION
Pagination 183 p.
650 ## - TRACINGS
Main Subject French- English- literature
Subdivision (1st) African literature in French- translate in English
942 ## - ADDED ENTRY ELEMENTS (KOHA)
Item type Books
050 ## - LIBRARY OF CONGRESS CALL NUMBER
Classification number PQ3989.2
Item number .B48
Holdings
Source of classification or shelving scheme Not for loan Permanent location Current location Date acquired Accession No. Full call number Barcode. Copy number Koha item type
Library of Congress Classification   Samuel Ogbemudia Main Library, University of Abuja Samuel Ogbemudia Main Library, University of Abuja 04/24/2026 2026/72109-14 PQ3989.2.B48 2026-0204 6 Books